| 000 | 01183nam0a2200361 4500 | ||
|---|---|---|---|
| 001 | RU\NLR\BIBL_A\022386886 | ||
| 005 | 20250113172035.0 | ||
| 010 |
_a978-5-699-82160-0 _92000 |
||
| 021 |
_aRU _bКН-П-24-061225 _9КН-П-24-6081 |
||
| 035 | _a(NLR Aleph) 022386886 | ||
| 090 |
_a13331272 _c13331272 |
||
| 100 | _a20241121d2024 u y0rusy50 ca | ||
| 101 | 0 | _arus | |
| 102 | _aRU | ||
| 105 | _ay z 000ay | ||
| 181 | 0 |
_ai4 _baxxe |
|
| 182 | 0 | _an | |
| 200 | 1 |
_aСтилист _fАлександра Маринина |
|
| 203 |
_aТекст _bвизуальный _cнепосредственный |
||
| 210 |
_aМосква _cЭксмо _d2024 |
||
| 215 |
_a444, [1] с. _d17 |
||
| 225 | 1 | _aCпец. цена | |
| 225 | 1 | _aАкция % | |
| 225 | 1 | _aА. Маринина. Меньше, чем спец. цена | |
| 320 | _aДр. произведения авт. на 2-й с. | ||
| 333 | _a16+ | ||
| 686 | 2 | _aШ6(2=Р)75-446 | |
| 700 | 1 |
_aМаринина _bА. Б. _f1957- _gАлександра Борисовна _3RU\NLR\AUTH\77515 |
|
| 942 | _cBOOK | ||
| 980 | _aNB | ||